| 000 | 00588nam a22002057a 4500 | ||
|---|---|---|---|
| 003 | OSt | ||
| 005 | 20160930133433.0 | ||
| 008 | 160707b xxu||||| |||| 00| 0 eng d | ||
| 020 | _a07506305693 | ||
| 040 | _cDNLM. | ||
| 082 | _aWL704P16p 1994. | ||
| 100 |
_aWells,E.Peter;Frampton,Victoria;Bowsher,David; _910077 |
||
| 245 | _aPain Management By Physiotherapy. | ||
| 250 | _a2nd ed | ||
| 260 |
_aOxford. _bButterworh Heinemann. _c1994. |
||
| 300 |
_aviii,326p; _bill; _c25cm. |
||
| 504 | _aincludes references and bibliography. | ||
| 650 |
_aPhysiotherapy. _91959 |
||
| 942 |
_2z _cO_SHELF |
||
| 999 |
_c5293 _d5293 |
||